Catalog

Record Details

Catalog Search



First grade, here I come! / written and ... Read More

Available copies

  • 2 of 3 copies available at LARL/NWRL Consortium. (Show)
  • 2 of 2 copies available at Northwest Regional Library.

Current holds

0 current holds with 3 total copies.

Show Only Available Copies
Location Call Number / Copy Notes Barcode Shelving Location Status Due Date
Godel Memorial-Warren Library e CAR (Text) 35500003901640 Main Available -
Thief River Falls Public Library e CAR (Text) 35500003868955 Main Available -

Record details

  • ISBN: 0670061271 (hardcover)
  • Physical Description: 1 v. (unpaged) : col. ill. ; 27 cm.
  • Publisher: New York : Viking, 2006.

Content descriptions

Summary, etc.:
Henry tells his mother that he did not like his ... Read More
Subject: First day of school > Fiction.
Schools > Fiction.
LDR 01424cam a22002898a 4500
00171377
003LARL_NWRL_CONSORTIUM
00520050822115834.0
008050816s2006 nyu b 000 1 eng
010 . ‡a2005023313
020 . ‡a0670061271 (hardcover)
035 . ‡a(OCoLC)61352945
040 . ‡aDLC ‡cDLC
042 . ‡alcac
08200. ‡a[E] ‡222
1001 . ‡aCarlson, Nancy L. ‡0(LARL_NWRL_CONSORTIUM)64452
24510. ‡aFirst grade, here I come! / ‡cwritten and illustrated by Nancy Carlson.
260 . ‡aNew York : ‡bViking, ‡c2006.
300 . ‡a1 v. (unpaged) : ‡bcol. ill. ; ‡c27 cm.
520 . ‡aHenry tells his mother that he did not like his first day of first grade, but as he describes what he did and learned, he begins to realize that he might enjoy it after all.
650 1. ‡aFirst day of school ‡vFiction.
650 1. ‡aSchools ‡vFiction. ‡0(LARL_NWRL_CONSORTIUM)167222
901 . ‡a71377 ‡bOCLC ‡c71377 ‡tbiblio

Additional Resources